000 00633nam a2200241Ia 4500
008 160803s9999 xx 000 0 und d
020 _a0 590443577
100 _aScieszka, Jon
245 4 _aThe true story of the 3 little pigs /
245 _cby A. Wolf ; as told to Jon Scieszka ; illustrated by Lane Smith.
260 _aNew York :
260 _bScholastic Inc.
260 _c1991
300 _aunnumbered pages :
300 _bcolor illustrations ;
300 _c27 cm.
440 _aDaily wolf.
650 _aPigs --
650 _aWolves --
650 _xFiction.
650 _xFiction.
700 _a570
999 _c299302
_d299302